Digital workplace bakalárska práca

Saved in:
Bibliographic Details
Main Author: Tatlari, Mohammadreza
Corporate Author: Fakulta podnikového manažmentu EU. Katedra manažmentu
Other Authors: Blštáková, Jana, 1980-
Format: Book
Language:English
Published: Bratislava 2023
Tags: Add Tag
No Tags, Be the first to tag this record!

MARC

LEADER 00000nbm a2200000 4500
001 0293532
005 20240507093606.4
041 0 |a eng 
044 |a SK 
245 1 0 |a Digital workplace  |b bakalárska práca  |c Mohammadreza Tatlari ; školiteľ: Jana Blštáková 
264 1 |a Bratislava  |c 2023 
300 |a 44 s. 
100 1 |a Tatlari, Mohammadreza 
700 1 |a Blštáková, Jana, 1980- 
710 2 |a Fakulta podnikového manažmentu EU. Katedra manažmentu